Statistics for Countries which Belongs into Categories

Click here to take the quiz!

General Stats

  • This quiz has been taken 36 times
  • The average score is 13 of 15

Answer Stats

HintAnswer% Correct
Top 3 Smallest countries in the worldVatican city / Monaco / Nauru
100%
Countries which start whit FFrance / Finland / Fiji / Federation of Micronesia
97%
Countries bordering FinlandNorway / sweden / Russia
97%
Countries of Europe, Which dosnt belong in EU In 2022Norway / Switzerland / United kingdom / Iceland / Bosnia and herzegovina / Serbia / Albania / Belarus / Ukraine / Russia / Croatia / Montenegro / North Macedonia / Kosovo
97%
Which countries use most money on militaryUnited states of america / China / India / United kingdom / Russia
97%
Most hated countries in internet 2022China / Russia / United States of america
94%
Biggest countries of CaribeaCuba / Haiti / Dominican Republic / Jamaica / Trinidad and Tobago
94%
Countries whit more than 100 000 lakesUnited states of america / Canada / Russia
91%
Countries which border NamibiaSouth africa / Botswana / Angola / Zambia / Zimbabwe
89%
Countries which own land in BorneoIndonesia / Malaysia / Brunei
80%
Countries in Europe, Which Britain havent ever qonqueredSweden / Belarus / Andorra / Liechtenstein / Luxemburg / Monaco /Vatican city
80%
Countries which speak Portiguese in africaAngola /Cape Verde / Guinea Bissau / Mozambique / Sao tome and principe
77%
Most safest countries in the worldIceland / New Zealand / Ireland / Denmark / Austria
77%
Countries in BricsBrazil / Russia / India / China / Shout Africa
74%
Countries whit least amount of forestOman / Nauru / Qatar / Monaco
63%

Score Distribution

Percentile by Number Answered

Percent of People with Each Score

Your Score History

You have not taken this quiz